000 00291nam a22001337a 4500
008 170727b xxu||||| |||| 00| 0 eng d
020 _a354054948
041 _aeng
080 _a004
100 _a31
101 _aSHK
245 _aTEXT UNDERSTANDING IN LILOG
_cHERZOG,O
942 _2udc
_cBK
999 _c22054
_d22054